Symboles des éléments chimiques (faux) - Mort subite - Statistiques

Statistiques générales
  • Ce quiz a été pris 11 fois
    10 depuis la dernière actualisation
  • Le résultat moyen est 11 sur 22
Answers on the Grid
Answers color-coded by a green-red scale on the quiz's grid according to % correct below.
H
He
Li
Be
B
C
N
O
F
Ne
Na
Mg
Al
Si
P
S
Cl
Ar
K
Ca
Sc
Ti
V
Cr
Mn
Fe
Co
Ni
Cu
Zn
Ga
Ge
As
Se
Br
Kr
Rb
Sr
Y
Zr
Nb
Mo
Tc
Ru
Rh
Pd
Ag
Cd
In
Sn
Sb
Te
I
Xe
Cs
Ba
La
Ce
Pr
Nd
Pm
Sm
Eu
Gd
Tb
Dy
Ho
Er
Tm
Yb
Lu
Hf
Ta
W
Re
Os
Ir
Pt
Au
Hg
Tl
Pb
Bi
Po
At
Rn
Fr
Ra
Ac
Th
Pa
U
Np
Pu
Am
Cm
Bk
Cf
Es
Fm
Md
No
Lr
Rf
Db
Sg
Bh
Hs
Mt
Ds
Rg
Cn
Nh
Fl
Mc
Lv
Ts
Og
Rq
J
Or
D
Za
Go
Lp
Fu
Az
Ws
Kj
Mm
E
L
Tyr
Su
iT
X
Ry
Pi
Hv
Vv
 
Statistiques - réponses
Réponse % Correct
Tyr
88%
J
63%
Kj
63%
Vv
63%
Za
63%
Az
50%
D
50%
E
50%
Fu
50%
Hv
50%
iT
50%
L
50%
Lp
50%
Mm
50%
Or
50%
Rq
50%
Ws
50%
Go
38%
Ry
38%
Su
38%
X
38%
Pi
25%
Aucun quiz correspondant
Distribution des résultats
% des personnes avec chaque résultat
Percentile par nombre de réponses
Votre historique - résultats
Vous n’avez pas pris ce quiz depuis la dernière actualisation